000 00699nam a2200217Ia 4500
005 20260601193254.0
008 260601s9999||||xx |||||||||||||| ||und||
020 _a978-981-97-7225-4
_qebk
100 _aSeiki Saito
245 0 _aMethods and Applications for Modeling and Simulation of Complex Systems
250 _a2024
260 _aHeidelberg, Germany
_bSpringer Nature
_c2024
440 _aCommunications in Computer and Information Science
650 _aComputer Science
700 _aLiang Li
700 _aSatoshi Takatori
700 _aSatoshi Tanaka
700 _aYuichi Tamura
856 _uhttps://link.springer.com/openurl?genre=book&isbn=978-981-97-7225-4
942 _cEB
_2ddc
999 _c56825
_d56825